Els Premis literaris i musicals de la Generalitat de Catalunya
Descripción Física:
[2] f. ; 27 cm
MARC
| LEADER | 00000nam a2200000Ia 4500 | ||
|---|---|---|---|
| 001 | 19547 | ||
| 008 | 160829s1933 xx 000 0 cat d | ||
| 080 | |a RF-6-24 | ||
| 245 | |a Els Premis literaris i musicals de la Generalitat de Catalunya | ||
| 260 | |a Barcelona : |b [la Generalitat], |c 1933 | ||
| 300 | |a [2] f. ; |c 27 cm | ||
| 590 | |a Prové de 4170, exp. 83. | ||
| 590 | |a Se li adjunta tres duplicats | ||
| 610 | 1 | 0 | |a Catalunya. |b Generalitat |x Premis |9 55725 |
| 650 | |a Premis literaris |x Catalunya |9 47821 | ||
| 710 | 1 | |a Catalunya. |b Generalitat |9 12125 | |
| 856 | 4 | |u https://media.diba.cat/diba/fitxers/arxiu/fulletons/bib_19547_1933_baixa.pdf |y Accés lliure | |
| 856 | 4 | |u https://media.diba.cat/diba/fitxers/arxiu/fulletons/bib_19547_1933_baixa.pdf |y Accés lliure | |
| 901 | |a Arxiu | ||
| 942 | |n 1 |2 udc | ||
| 952 | |0 0 |1 0 |4 0 |6 RF624 |7 1 |9 53380 |a Arxiu |b Arxiu |d 2016-12-01 |l 0 |o RF-6-24 |p 19547 |r 2016-12-01 00:00:00 |w 2016-12-01 |y ARXIU | ||
| 999 | |c 57245 |d 57245 | ||
| 900 | |a bib_19547_1933_baixa.pdf | ||